Một số vấn đề nghiên cứu nhân cách

Zapisane w:
Opis bibliograficzny
1. autor: Phạm, Minh Hạc
Format: Książka
Język:Undetermined
Wydane: Hà Nội Chính trị Quốc gia 2004
Hasła przedmiotowe:
Etykiety: Dodaj etykietę
Nie ma etykietki, Dołącz pierwszą etykiete!
Thư viện lưu trữ: Trung tâm Học liệu Trường Đại học Cần Thơ
LEADER 00560nam a2200193Ia 4500
001 CTU_94489
008 210402s9999 xx 000 0 und d
020 |c 36000 
082 |a 158.2 
082 |b H101 
100 |a Phạm, Minh Hạc 
245 0 |a Một số vấn đề nghiên cứu nhân cách 
245 0 |c Phạm Minh Hạc 
260 |a Hà Nội 
260 |b Chính trị Quốc gia 
260 |c 2004 
650 |a Personality,Psychology, applied 
904 |i Trúc 
980 |a Trung tâm Học liệu Trường Đại học Cần Thơ